Statistiques concernant [SPA] La guerra

Cliquez ici pour prendre le quiz!

Statistiques générales

  • Ce quiz a été pris 7 fois
  • Le résultat moyen est 17 sur 36

Statistiques - réponses

Francés Español % Correct
Une bombeUna bomba
100%
Une guérillaUna guerrilla
100%
La rivalitéLa rivalidad
86%
La violenceLa violencia
86%
Une opérationUna operaciòn
86%
Une capitulationUna capitulaciòn
86%
Une victoireUna victoria / Un triunfo
86%
Une armeUna arma / Un arma
86%
Une batailleUna batalla / Una pelea / Una lucha
71%
Une oppositionUna oposiciòn
71%
InvasionInvasiòn
71%
Une expéditionUna expediciòn
71%
Un conflitUn conflicto
71%
Un ennemiUn enemigo
57%
La lutteLa lucha
57%
Un incendieUn incendio / Un fuego
43%
Un terroristeUn terrorista
43%
Une grenadeUna granada
43%
Un soldatUn soldado / Un guerrero
43%
Un champ de batailleUn campo de batalla
43%
Une blessureUna herida / Una lesiòn /
43%
Une disputeUna pelea / Una disputa
43%
BombarderBombardear
29%
Une troupeUn grupo / Una compañìa / Una tropa
29%
Une catapulteUna catapulta
29%
Un pistoletUna pistola
29%
TuerMatar
29%
Un combatUne pelea / Une lucha / Un combate
29%
Une mitrailleuseUna metralleta / Una ametralladora
14%
Un affrontementUna confrontaciòn / Un enfrentamiento
14%
Une défaiteUna derrota
14%
Un meurtrierUn asesino
0%
Un fusil d'assautUn rifle de asalto / Un fusil de asalto
0%
Un char d'assautUn tanque / Un carro de combate
0%
Un trébuchetUn cepo
0%
Une épéeUna espada
0%

Distribution des résultats

Percentile by Number Answered

% des personnes avec chaque résultat

Votre développement - résultats

Vous n’avez pas pris ce quiz